[Event "ITA-ch (Women)"]
[Site "Porto San Giorgio"]
[Date "2004.08.26"]
[Round "7"]
[White "Scharrer, Isabel"]
[Black "Borsato, Laura"]
[Result "0-1"]
[WhiteElo "1613"]
[BlackElo "1580"]
[PlyCount "114"]
[EventDate "2004.08.20"]
[EventType "swiss"]
[EventRounds "9"]
[EventCountry "ITA"]
[SourceTitle "EXT 2005"]
[Source "ChessBase"]
[SourceDate "2004.11.15"]
[SourceVersion "1"]
[SourceVersionDate "2004.11.15"]
[SourceQuality "1"]

1. d4 g6 2. c4 Bg7 3. Nc3 d6 4. e4 e5 5. d5 Nf6 6. f3 c6 7. Be3 Qc7 8. Bd3 Nbd7 9. Nge2 0-0 10. Qd2 cxd5 11. cxd5 Nc5 12. Nb5 Nxd3+ 13. Qxd3 Qa5+ 14. Nec3 Qa6 15. Qd2 Ne8 16. 0-0 Bd7 17. a4 Qa5 18. Rab1 Bxb5 19. b4 Qd8 20. Nxb5 b6 21. Rfc1 a6 22. Na3 Bf6 23. Rc6 Rb8 24. Qe2 Nc7 25. Bxb6 Rxb6 26. Rxb6 Nxd5 27. Rc6 Nf4 28. Qxa6 Bh4 29. Rxd6 Qg5 30. Rb2 Nh3+ 31. Kf1 Qc1+ 32. Ke2 Qxb2+ 33. Rd2 Nf4+ 34. Kd1 Qa1+ 35. Kc2 Qa2+ 36. Kd1 Qxa3 37. g3 Qxf3+ 38. Kc1 Qc3+ 39. Kd1 Qxb4 40. Qc6 Qb1+ 41. Qc1 Qxc1+ 42. Kxc1 Bg5 43. Ra2 Ne6+ 44. Kb2 Ra8 45. a5 Ra6 46. Kc3 Bd8 47. Kb4 Nd4 48. h3 Nc6+ 49. Kb5 Rxa5+ 50. Rxa5 Nxa5 51. Kc5 Nb3+ 52. Kd5 Bc7 53. h4 Kf8 54. g4 Nd4 55. h5 gxh5 56. gxh5 Kg7 57. Kc4 Kh6 0-1